[Event "Florianopolis op 9th"]
[Site "Florianopolis"]
[Date "2023.01.26"]
[Round "5"]
[White "Malanowski, Lara Carolina"]
[Black "Arosteguy, Vitor Augusto Colac"]
[Result "0-1"]
[WhiteElo "1544"]
[BlackElo "1286"]
[PlyCount "98"]
[EventDate "2023.01.23"]
[EventType "swiss"]
[EventRounds "10"]
[EventCountry "BRA"]
[SourceTitle "CBM 212 Extra"]
[Source "ChessBase"]
[SourceDate "2023.03.31"]
[SourceVersion "1"]
[SourceVersionDate "2023.03.31"]
[SourceQuality "1"]

1. d4 d5 2. Bg5 f6 3. Bh4 Nd7 4. Nc3 e6 5. e4 Bb4 6. exd5 Bxc3+ 7. bxc3 exd5 8. Qh5+ g6 9. Qxd5 Ne7 10. Qe6 Rf8 11. Qe3 Kf7 12. Bc4+ Kg7 13. Nf3 Nf5 14. Qf4 Re8+ 15. Kd2 Nb6 16. Bd3 Nd5 17. Qg4 h5 18. Qh3 Nf4 19. Bxf5 Nxh3 20. Bxg6 Kxg6 21. gxh3 c5 22. Rhg1+ Kf7 23. Rg3 Rg8 24. Ne5+ Ke6 25. Ng6 cxd4 26. Re1+ Kd6 27. Re4 dxc3+ 28. Kxc3 Qa5+ 29. Kb2 Qb5+ 30. Kc1 Bf5 31. Rd4+ Kc5 32. Bxf6 Rxg6 33. Rc3+ Kb6 34. Rd6+ Qc6 35. Rcxc6+ bxc6 36. Bd4+ Kb5 37. Rxg6 Bxg6 38. h4 Kc4 39. Be3 a5 40. a3 Rf8 41. f4 Re8 42. Bd2 Re2 43. Bxa5 Rxc2+ 44. Kd1 Rxh2 45. Bd8 Kd3 46. Kc1 Ra2 47. Be7 Ke3 48. Bd6 c5 49. Bxc5+ Kd3 0-1

[Event "Florianopolis Spring op 2nd"]
[Site "Florianopolis"]
[Date "2022.10.23"]
[Round "5"]
[White "De Lorenzi, Diego Rafael"]
[Black "Malanowski, Lara Carolina"]
[Result "0-1"]
[WhiteElo "1478"]
[BlackElo "1539"]
[PlyCount "74"]
[EventDate "2022.10.21"]
[EventType "swiss"]
[EventRounds "6"]
[EventCountry "BRA"]
[SourceTitle "EXT 2024"]
[Source "ChessBase"]
[SourceDate "2023.10.10"]
[SourceVersion "1"]
[SourceVersionDate "2023.10.10"]
[SourceQuality "1"]

1. e4 c5 2. Nf3 d6 3. d4 cxd4 4. Nxd4 Nf6 5. Nc3 g6 6. Be3 Bg7 7. Qd2 Ng4 8. Bc4 Nc6 9. Nxc6 bxc6 10. Bg5 Ne5 11. Bb3 0-0 12. Bh6 Bd7 13. Bxg7 Kxg7 14. Qg5 Be6 15. f4 Bxb3 16. axb3 f6 17. Qg3 Nf7 18. h4 Qb6 19. h5 a5 20. hxg6 hxg6 21. 0-0-0 Rfb8 22. Na4 Qb4 23. f5 g5 24. Qg4 Ne5 25. Qh3 Rh8 26. Qc3 Qxe4 27. Rxh8 Rxh8 28. Qxa5 Qxf5 29. Qc7 Kf7 30. Nb6 d5 31. Kb1 Rh2 32. Nc8 Qe6 33. Rd3 Rh1+ 34. Ka2 Nxd3 35. cxd3 Qe1 36. Nd6+ Kg6 37. Ne8 Qa1# 0-1

[Event "Florianopolis Spring op 2nd"]
[Site "Florianopolis"]
[Date "2022.10.22"]
[Round "2"]
[White "Malanowski, Lara Carolina"]
[Black "Reichert, Thiago da Cruz"]
[Result "0-1"]
[WhiteElo "1539"]
[BlackElo "1985"]
[PlyCount "64"]
[EventDate "2022.10.21"]
[EventType "swiss"]
[EventRounds "6"]
[EventCountry "BRA"]
[SourceTitle "EXT 2024"]
[Source "ChessBase"]
[SourceDate "2023.10.10"]
[SourceVersion "1"]
[SourceVersionDate "2023.10.10"]
[SourceQuality "1"]

1. d4 Nf6 2. Bg5 d5 3. Nc3 Bf5 4. f3 Nc6 5. Bxf6 exf6 6. e4 dxe4 7. fxe4 Bg6 8. d5 Ne5 9. Nf3 Bd6 10. Bb5+ Ke7 11. 0-0 a6 12. Bd3 Bh5 13. Be2 Bc5+ 14. Kh1 Ng4 15. Nd4 Ne3 16. Nf5+ Nxf5 17. Rxf5 Bg6 18. Rf1 Re8 19. Bh5 Kf8 20. Qf3 Re5 21. Bxg6 hxg6 22. Ne2 Qe7 23. Ng3 Re8 24. Rae1 Kg8 25. h4 f5 26. Qf4 fxe4 27. Rxe4 Rxe4 28. Nxe4 Qxe4 29. Qxf7+ Kh7 30. Rf3 Qe1+ 31. Kh2 Bd6+ 32. g3 Rf8 0-1

[Event "Curitiba Sul Regional-ch"]
[Site "Curitiba"]
[Date "2015.07.11"]
[Round "3"]
[White "Crul, Khadija de Barros"]
[Black "Malanowski, Lara Carolina"]
[Result "0-1"]
[WhiteElo "1750"]
[BlackElo "1555"]
[PlyCount "56"]
[EventDate "2015.07.10"]
[EventType "swiss"]
[EventRounds "6"]
[EventCountry "BRA"]
[SourceTitle "EXT 2017"]
[Source "ChessBase"]
[SourceDate "2016.10.25"]
[SourceVersion "1"]
[SourceVersionDate "2016.10.25"]
[SourceQuality "1"]

1. e4 c5 2. Nf3 d6 3. d4 cxd4 4. Nxd4 g6 5. Nc3 Bg7 6. Be3 Nc6 7. Nxc6 bxc6 8. Bc1 Nf6 9. f3 Qb6 10. Rb1 Rb8 11. a3 Nd7 12. Bd2 Bd4 13. Bd3 Nc5 14. Qe2 a5 15. Nd1 Nxd3+ 16. cxd3 Qb3 17. Bc1 Ba6 18. Nf2 Qa2 19. Qc2 0-0 20. 0-0 Rb3 21. Kh1 Bxf2 22. Rxf2 Bxd3 23. Qxc6 Qxb1 24. h3 Rfb8 25. Kh2 Kg7 26. Be3 Qe1 27. Bd4+ e5 28. Bc3 Qxf2 0-1

[Event "Curitiba Sul Regional-ch"]
[Site "Curitiba"]
[Date "2015.07.10"]
[Round "1"]
[White "Martins, Anderson Donay"]
[Black "Malanowski, Lara Carolina"]
[Result "1-0"]
[WhiteElo "2013"]
[BlackElo "1555"]
[PlyCount "69"]
[EventDate "2015.07.10"]
[EventType "swiss"]
[EventRounds "6"]
[EventCountry "BRA"]
[SourceTitle "EXT 2016"]
[Source "ChessBase"]
[SourceDate "2015.10.08"]
[SourceVersion "1"]
[SourceVersionDate "2015.10.08"]
[SourceQuality "1"]

1. e4 d6 2. d4 Nf6 3. Nc3 g6 4. f4 Bg7 5. Nf3 c6 6. a4 Qb6 7. a5 Qc7 8. Bd3 e6 9. Qe2 Nbd7 10. 0-0 0-0 11. Kh1 Re8 12. e5 dxe5 13. fxe5 Nd5 14. Ne4 Rf8 15. Neg5 c5 16. c3 h6 17. Ne4 a6 18. Qf2 cxd4 19. cxd4 Nb4 20. Bb1 b6 21. Qh4 g5 22. Bxg5 Qc4 23. Ned2 Qe2 24. Bxh6 f5 25. Bxg7 Kxg7 26. Re1 Qb5 27. Ng5 Rh8 28. Nxe6+ Kf7 29. Qxh8 Kxe6 30. Qh6+ Ke7 31. Bxf5 Bb7 32. Qd6+ Ke8 33. e6 Nf8 34. e7 Nd7 35. Bg6# 1-0

[Event "Curitiba Terzian Memorial op"]
[Site "Curitiba"]
[Date "2014.11.02"]
[Round "6"]
[White "Crul, Otavio Augusto Barr"]
[Black "Malanowski, Lara Carolina"]
[Result "0-1"]
[WhiteElo "1693"]
[BlackElo "1580"]
[PlyCount "82"]
[EventDate "2014.10.31"]
[EventType "swiss"]
[EventRounds "6"]
[EventCountry "BRA"]
[SourceTitle "EXT 2015"]
[Source "ChessBase"]
[SourceDate "2014.11.20"]
[SourceVersion "1"]
[SourceVersionDate "2014.11.20"]
[SourceQuality "1"]

1. e4 c5 2. Nf3 d6 3. d4 cxd4 4. Nxd4 g6 5. Nc3 Bg7 6. Be3 Nc6 7. f3 Bd7 8. Qd2 h5 9. h4 Nf6 10. Bc4 Ne5 11. Be2 a6 12. 0-0-0 b5 13. Nd5 Nxd5 14. exd5 Rb8 15. Qb4 Qc7 16. Bd2 Nc4 17. Bxc4 bxc4 18. Qa5 Qb7 19. Bc3 0-0 20. Ne2 Bh6+ 21. Kb1 Rfc8 22. Rhe1 Bf8 23. Nf4 Rc5 24. Qa3 Rb5 25. Ka1 Bf5 26. Re2 Bh6 27. Nh3 Rxd5 28. Rde1 Bf8 29. Nf2 Rb5 30. g4 hxg4 31. fxg4 Bd7 32. h5 d5 33. b3 e5 34. Qb2 d4 35. Bd2 c3 36. Bxc3 dxc3 37. Qc1 Qb6 38. Ne4 Bxg4 39. Rf2 Bxh5 40. Rh2 Bf3 41. Qg5 Bg7 0-1

[Event "Curitiba Terzian Memorial op"]
[Site "Curitiba"]
[Date "2014.11.01"]
[Round "3"]
[White "Malanowski, Lara Carolina"]
[Black "Sabadin, Rosan"]
[Result "1-0"]
[WhiteElo "1580"]
[BlackElo "1754"]
[PlyCount "79"]
[EventDate "2014.10.31"]
[EventType "swiss"]
[EventRounds "6"]
[EventCountry "BRA"]
[SourceTitle "EXT 2015"]
[Source "ChessBase"]
[SourceDate "2014.11.20"]
[SourceVersion "1"]
[SourceVersionDate "2014.11.20"]
[SourceQuality "1"]

1. d4 Nf6 2. Bg5 d6 3. Nd2 c5 4. e3 cxd4 5. exd4 Qa5 6. Bxf6 gxf6 7. Ngf3 Nc6 8. c3 Bh6 9. Bd3 Bg4 10. Ne4 Nxd4 11. b4 Bxf3 12. gxf3 Nxf3+ 13. Qxf3 Qe5 14. Be2 f5 15. Ng3 Rc8 16. 0-0 Rxc3 17. Qxb7 0-0 18. Qg2 Kh8 19. Qh3 Rxg3+ 20. fxg3 Be3+ 21. Kg2 Bd4 22. Rae1 Bc3 23. Rxf5 Qe4+ 24. Kf2 Bxe1+ 25. Kxe1 Qxb4+ 26. Kf2 Qd4+ 27. Kg2 Qe4+ 28. Kf1 e6 29. Rf3 d5 30. Qh5 Qg6 31. Qh4 Qb1+ 32. Kg2 Qc2 33. Qf6+ Kg8 34. Rf2 Qe4+ 35. Kh3 Qg6 36. Qh4 Kg7 37. Rf4 Kh8 38. Rg4 Qf5 39. Bd3 Qxd3 40. Qf6# 1-0

[Event "Curitiba Terzian Memorial op"]
[Site "Curitiba"]
[Date "2014.10.31"]
[Round "1"]
[White "Malanowski, Lara Carolina"]
[Black "Noseda, Francesco"]
[Result "0-1"]
[WhiteElo "1580"]
[BlackElo "1966"]
[PlyCount "118"]
[EventDate "2014.10.31"]
[EventType "swiss"]
[EventRounds "6"]
[EventCountry "BRA"]
[SourceTitle "EXT 2015"]
[Source "ChessBase"]
[SourceDate "2014.11.20"]
[SourceVersion "1"]
[SourceVersionDate "2014.11.20"]
[SourceQuality "1"]

1. d4 Nf6 2. Bg5 Ne4 3. Bh4 c5 4. f3 Qa5+ 5. c3 Nf6 6. e3 g6 7. Bd3 Bg7 8. Nd2 cxd4 9. exd4 d5 10. f4 0-0 11. Ngf3 Bg4 12. h3 Bxf3 13. Qxf3 Nbd7 14. Bxf6 Nxf6 15. g4 e6 16. Nf1 b5 17. a3 Qb6 18. Ng3 a5 19. h4 b4 20. Rb1 bxc3 21. bxc3 Qc7 22. Ne2 Rab8 23. Rxb8 Rxb8 24. h5 Rb3 25. a4 Ra3 26. hxg6 hxg6 27. g5 Ra1+ 28. Kd2 Rxh1 29. Qxh1 Nh5 30. Qf3 Bf8 31. f5 exf5 32. Bxf5 Qd6 33. Bg4 Ng7 34. Nf4 Be7 35. Nxd5 Bxg5+ 36. Kd3 f5 37. Bh3 Ne6 38. Bg2 Kf7 39. Ne3 Nf4+ 40. Kc2 Nxg2 41. Nxg2 Qd7 42. Kb3 Qe6+ 43. d5 Qb6+ 44. Kc2 Qc5 45. Kb3 Bc1 46. Kc2 Qa3 47. Ne1 Qb2+ 48. Kd3 Qd2+ 49. Kc4 Qxe1 50. Kb3 Qd2 51. Kc4 Qf4+ 52. Qxf4 Bxf4 53. Kb5 Bc7 54. Kc6 Bd8 55. c4 f4 56. Kd7 f3 57. d6 f2 58. Kxd8 f1Q 59. d7 Qf4 0-1

[Event "Curitiba CC 76 Anniversary"]
[Site "Curitiba"]
[Date "2014.02.02"]
[Round "6"]
[White "Santos Neto, Amazonas"]
[Black "Malanowski, Lara Carolina"]
[Result "1-0"]
[WhiteElo "1669"]
[BlackElo "1780"]
[PlyCount "67"]
[EventDate "2014.01.31"]
[EventType "swiss"]
[EventRounds "6"]
[EventCountry "BRA"]
[SourceTitle "CBM 158 Extra"]
[Source "ChessBase"]
[SourceDate "2014.02.28"]
[SourceVersion "1"]
[SourceVersionDate "2014.02.28"]
[SourceQuality "1"]

1. c4 Nf6 2. g3 g6 3. Bg2 Bg7 4. Nc3 d6 5. d3 0-0 6. Rb1 c6 7. e3 Nbd7 8. Nge2 e5 9. a3 Re8 10. b4 Nb6 11. 0-0 d5 12. c5 Nbd7 13. Qc2 a5 14. Bb2 Nh5 15. Nc1 f5 16. N3e2 b6 17. cxb6 Bb7 18. Bc3 axb4 19. Bxb4 Nxb6 20. Nb3 Nd7 21. Rfc1 Bf8 22. Nc5 Bxc5 23. Bxc5 Nxc5 24. Qxc5 Ra5 25. Qc3 Ba6 26. Rb3 e4 27. Nd4 Ra4 28. Nxc6 Qd6 29. Nb4 exd3 30. Bxd5+ Kf8 31. Qh8+ Ke7 32. Qxh7+ Kd8 33. Nc6+ Kc8 34. Rb8+ 1-0

[Event "Umuarama JOJUPS Cup (Women)"]
[Site "Umuarama"]
[Date "2013.??.??"]
[Round "2"]
[White "Ferraz, Carolina"]
[Black "Malanowski, Lara Carolina"]
[Result "0-1"]
[WhiteElo "1757"]
[BlackElo "1780"]
[PlyCount "58"]
[EventDate "2013.10.19"]
[EventType "team-swiss"]
[EventRounds "6"]
[EventCountry "BRA"]
[SourceTitle "EXT 2014"]
[Source "ChessBase"]
[SourceDate "2013.11.20"]
[SourceVersion "1"]
[SourceVersionDate "2013.11.20"]
[SourceQuality "1"]
[WhiteTeam "Cascavel (W)"]
[BlackTeam "Ponta Grossa (W)"]
[WhiteTeamCountry "BRA"]
[BlackTeamCountry "BRA"]

1. d4 Nf6 2. Nf3 g6 3. Bf4 d5 4. e3 Bf5 5. Be2 c5 6. c3 Qb6 7. b3 Bg7 8. Nbd2 Ne4 9. Nxe4 Bxe4 10. 0-0 0-0 11. h3 Nc6 12. Ne5 Rad8 13. Ng4 h5 14. Nh6+ Kh7 15. Nf5 Bxf5 16. Bxh5 Rh8 17. Bf3 e5 18. dxe5 Nxe5 19. Bxe5 Bxe5 20. Rc1 Kg8 21. Bg4 Qf6 22. Qf3 Bxg4 23. Qxf6 Bxf6 24. hxg4 Rh4 25. f3 Kg7 26. Kf2 d4 27. cxd4 cxd4 28. exd4 Bxd4+ 29. Ke2 Rhh8 0-1

[Event "Umuarama JOJUPS Cup (Women)"]
[Site "Umuarama"]
[Date "2013.??.??"]
[Round "4"]
[White "Malanowski, Lara Carolina"]
[Black "Silvestre, Camila Bulabusg"]
[Result "1-0"]
[WhiteElo "1780"]
[BlackElo "1796"]
[PlyCount "80"]
[EventDate "2013.10.19"]
[EventType "team-swiss"]
[EventRounds "6"]
[EventCountry "BRA"]
[SourceTitle "EXT 2014"]
[Source "ChessBase"]
[SourceDate "2013.11.20"]
[SourceVersion "1"]
[SourceVersionDate "2013.11.20"]
[SourceQuality "1"]
[WhiteTeam "Ponta Grossa (W)"]
[BlackTeam "Campo Mourao (W)"]
[WhiteTeamCountry "BRA"]
[BlackTeamCountry "BRA"]

1. d4 d5 2. Bg5 Bf5 3. e3 Qd6 4. c3 Nf6 5. f4 b6 6. Nf3 Ne4 7. Bd3 Bd7 8. 0-0 Nxg5 9. Nxg5 g6 10. Nd2 h6 11. Ngf3 c5 12. Ne5 Bc8 13. Qf3 Nc6 14. Bb5 Bb7 15. f5 a6 16. Bxc6+ Bxc6 17. fxg6 f6 18. Nf7 Qe6 19. Nxh8 Qg8 20. Qh5 0-0-0 21. Nf7 Re8 22. Nxh6 Qe6 23. Qf5 Qxf5 24. Nxf5 e6 25. g7 Bxg7 26. Nxg7 Re7 27. Nh5 f5 28. dxc5 b5 29. Nb3 Ra7 30. Nd4 Be8 31. Nf4 e5 32. Nxf5 exf4 33. Nd6+ Kd7 34. Nxe8 Kxe8 35. exf4 Rc7 36. Rae1+ Kd7 37. b4 Ra7 38. Re5 Kc6 39. Rd1 Rd7 40. Re6+ Kc7 1-0